Perspektíva rozvoja organizácií v budúcnosti

Charakteristika facility managementu a jeho prínosu zo zavedenia do organizácií, ktorý prináša organizáciám veľké ekonomické efekty, čím prispieva k ich ďalšiemu rozvoju budúcnosti. Cieľom facility managementu je poskytnúť takú podporu, ktorá zvýši výkonnosť organizácie.

Salvato in:
Dettagli Bibliografici
Autore principale: Chorváthová, Daniela
Natura: Capitolo di libro
Lingua:slovacco
Soggetti:
Tags: Aggiungi Tag
Nessun Tag, puoi essere il primo ad aggiungerne!!

MARC

LEADER 00000naa$a2200000$$$4500
001 0084335
005 20240502083223.3
041 0 |a slo 
044 |a CZ 
245 1 0 |a Perspektíva rozvoja organizácií v budúcnosti  |c Daniela Chorváthová 
520 |a Charakteristika facility managementu a jeho prínosu zo zavedenia do organizácií, ktorý prináša organizáciám veľké ekonomické efekty, čím prispieva k ich ďalšiemu rozvoju budúcnosti. Cieľom facility managementu je poskytnúť takú podporu, ktorá zvýši výkonnosť organizácie. 
610 2 0 |a riadenie podnikové 
610 2 0 |a plánovanie 
610 2 0 |a náklady 
610 2 0 |a účtovníctvo 
610 2 0 |a organizácie hospodárske 
100 1 |a Chorváthová, Daniela